00318 a2200109 450000500170000008200120001711100730002924500430010225000120014526000310015730000200018820250626102435.0 a657 NBA aThe National Board of Accountancy and Auditors Board Tanzania (NBAA) aTanzania Finacial Accounting Standards a3rd Ed. aDar es Salaam,bNBAAc2003 avi,793p.;c22cm